[Event "Politiken Cup 35th"]
[Site "Helsingor"]
[Date "2013.08.01"]
[Round "7"]
[White "Fredericia, Ellen"]
[Black "Wimo, Jorgen"]
[Result "1-0"]
[WhiteElo "1544"]
[BlackElo "1714"]
[PlyCount "57"]
[EventDate "2013.07.27"]
[EventType "swiss"]
[EventRounds "10"]
[EventCountry "DEN"]
[SourceTitle "CBM 155 Extra"]
[Source "ChessBase"]
[SourceDate "2013.08.26"]
[SourceVersion "1"]
[SourceVersionDate "2013.08.26"]
[SourceQuality "1"]

1. d4 Nf6 2. c4 g6 3. Nc3 Bg7 4. Nf3 0-0 5. Bf4 d6 6. e3 Nbd7 7. Be2 a5 8. h3 c5 9. 0-0 Nb6 10. Rc1 cxd4 11. exd4 Nh5 12. Be3 e5 13. dxe5 Bd7 14. exd6 Rc8 15. c5 Na8 16. Qd2 b6 17. Nd5 Kh8 18. Nxb6 Nxb6 19. cxb6 Be6 20. b3 f5 21. Rfd1 f4 22. Bd4 Qd7 23. Bxg7+ Nxg7 24. Rc7 Rxc7 25. dxc7 Qc8 26. Qd8 Qa8 27. Qxa8 Rxa8 28. Rd8+ Rxd8 29. cxd8Q+ 1-0

[Event "Politiken Cup 32nd"]
[Site "Copenhagen"]
[Date "2010.08.02"]
[Round "4"]
[White "Jensen, Morten Frank"]
[Black "Wimo, Jorgen"]
[Result "1-0"]
[WhiteElo "2005"]
[BlackElo "1807"]
[PlyCount "85"]
[EventDate "2010.07.31"]
[EventType "swiss"]
[EventRounds "10"]
[EventCountry "DEN"]
[SourceTitle "CBM 137 Extra"]
[Source "ChessBase"]
[SourceDate "2010.09.01"]
[SourceVersion "1"]
[SourceVersionDate "2010.09.01"]
[SourceQuality "1"]

1. e4 c5 2. a3 Nc6 3. b4 e5 4. Bb2 cxb4 5. Bc4 Nf6 6. Nf3 Bd6 7. 0-0 0-0 8. axb4 Bxb4 9. c3 Bc5 10. d4 Bd6 11. Na3 a6 12. Bd3 Bc7 13. Nb5 d5 14. Nxc7 Qxc7 15. exd5 Nxd5 16. dxe5 Nf4 17. Ba3 Re8 18. Bd6 Qd7 19. Bc2 Qg4 20. g3 Nh3+ 21. Kh1 Qh5 22. Ra4 Bg4 23. Rxg4 Qxg4 24. Qd3 g6 25. Bd1 Ng5 26. Nd2 Qd7 27. f4 Ne6 28. Ne4 Kg7 29. Nf6 Qd8 30. Nxe8+ Qxe8 31. f5 Ng5 32. h4 Rd8 33. hxg5 Kg8 34. fxg6 hxg6 35. Qf3 Qe6 36. Kg2 Nxe5 37. Bxe5 Rd2+ 38. Kg1 Qb6+ 39. Bd4 Qe6 40. Qxb7 Rxd4 41. cxd4 Qe3+ 42. Kg2 Qd2+ 43. Rf2 1-0

[Event "Politiken Cup 30th"]
[Site "Helsingor"]
[Date "2008.07.23"]
[Round "6"]
[White "Wimo, Jorgen"]
[Black "Carnstam, Tomas"]
[Result "0-1"]
[WhiteElo "1809"]
[BlackElo "2046"]
[PlyCount "72"]
[EventDate "2008.07.19"]
[EventType "swiss"]
[EventRounds "10"]
[EventCountry "DEN"]
[SourceTitle "CBM 125 Extra"]
[Source "ChessBase"]
[SourceDate "2008.09.01"]
[SourceVersion "1"]
[SourceVersionDate "2008.09.01"]
[SourceQuality "1"]

1. e4 c5 2. Nf3 Nc6 3. d4 cxd4 4. Nxd4 e5 5. Nb3 Bb4+ 6. Bd2 Be7 7. Nc3 Nf6 8. f3 d5 9. exd5 Nxd5 10. Nxd5 Qxd5 11. Bc3 Be6 12. Qe2 0-0-0 13. Rd1 Qxd1+ 14. Qxd1 Rxd1+ 15. Kxd1 Rd8+ 16. Bd3 Nb4 17. Bxb4 Bxb4 18. Ke2 f5 19. c3 Be7 20. h3 h5 21. Nd2 Bg5 22. Rd1 g6 23. b3 h4 24. Bc4 Rxd2+ 25. Rxd2 Bxc4+ 26. bxc4 Bxd2 27. Kxd2 Kc7 28. Kd3 Kd6 29. Ke3 Kc5 30. Kd3 a5 31. a4 b6 32. Kc2 Kxc4 33. Kb2 e4 34. fxe4 fxe4 35. Kc2 e3 36. Kd1 Kd3 0-1

[Event "Politiken Cup 30th"]
[Site "Helsingor"]
[Date "2008.07.20"]
[Round "2"]
[White "Wimo, Jorgen"]
[Black "Hobber, Anders"]
[Result "1/2-1/2"]
[WhiteElo "1809"]
[BlackElo "2012"]
[PlyCount "45"]
[EventDate "2008.07.19"]
[EventType "swiss"]
[EventRounds "10"]
[EventCountry "DEN"]
[SourceTitle "CBM 125 Extra"]
[Source "ChessBase"]
[SourceDate "2008.09.01"]
[SourceVersion "1"]
[SourceVersionDate "2008.09.01"]
[SourceQuality "1"]

1. e4 e6 2. d4 d5 3. exd5 exd5 4. Bd3 Nc6 5. c3 Bd6 6. Nf3 Bg4 7. Qe2+ Qe7 8. Qxe7+ Ngxe7 9. Nbd2 f6 10. h3 Bf5 11. Bxf5 Nxf5 12. Nf1 0-0-0 13. Ne3 Rhe8 14. 0-0 Nxe3 15. Bxe3 Ne7 16. Rfe1 g5 17. g4 Ng6 18. Rab1 Re7 19. Bd2 Rde8 20. Rxe7 Rxe7 21. Re1 Rxe1+ 22. Nxe1 Bf4 23. Bxf4 1/2-1/2